UM Logo

Bank security practices and preparedness against robbery in Digos City: (Record no. 14924)

MARC details
000 -LEADER
fixed length control field 00651nam a22001697a 4500
008 - FIXED-LENGTH DATA ELEMENTS--GENERAL INFORMATION
fixed length control field 200131b ||||| |||| 00| 0 eng d
082 ## - DEWEY DECIMAL CLASSIFICATION NUMBER
Edition number 2014
Classification number UT 1442
Item number N16
100 ## - MAIN ENTRY--PERSONAL NAME
Personal name Richard John M. Narca
9 (RLIN) 41454
245 ## - TITLE STATEMENT
Title Bank security practices and preparedness against robbery in Digos City:
Statement of responsibility, etc. Richard John M. Narca, Jess MArk S. Montibon and Roger S. Menoza
260 ## - PUBLICATION, DISTRIBUTION, ETC. (IMPRINT)
Place of publication, distribution, etc. Digos City:
Name of publisher, distributor, etc. UMDC
Date of publication, distribution, etc. July 2014
300 ## - PHYSICAL DESCRIPTION
Extent 40 pages;
Dimensions 30 cm.
650 ## - SUBJECT ADDED ENTRY--TOPICAL TERM
Topical term or geographic name as entry element Criminology
Form subdivision Criminology
General subdivision Undergaduate thesis:
9 (RLIN) 41455
700 ## - ADDED ENTRY--PERSONAL NAME
Personal name Narca, Richard John M.
9 (RLIN) 41456
700 ## - ADDED ENTRY--PERSONAL NAME
Personal name Montibon, Jess MArk S.
9 (RLIN) 41457
700 ## - ADDED ENTRY--PERSONAL NAME
Personal name Menoza, Roger S.
9 (RLIN) 41458
942 ## - ADDED ENTRY ELEMENTS (KOHA)
Source of classification or shelving scheme Dewey Decimal Classification
Koha item type Undergraduate Thesis
Holdings
Withdrawn status Lost status Source of classification or shelving scheme Damaged status Not for loan Collection code Home library Current library Date acquired Total Checkouts Full call number Barcode Date last seen Price effective from Koha item type
    Dewey Decimal Classification     Undergraduate Theses UM Digos College - LIC UM Digos College - LIC 01/22/2020   UT 1442 N16 2014 UT 1442 01/31/2020 01/31/2020 Undergraduate Thesis